Beszélgetés a toleranciáról
Elmentve itt :
| További közreműködők: | |
|---|---|
| Adatforrás: | Philobibl |
| Forrásdokumentuma: | Világosság 34.1993:11. p. 71-78. |
| Dokumentumtípus: | Cikk |
| Nyelv: | magyar |
| Kulcsszavak: | tolerencia politkaelmélet |
| Online elérés: | előfizetéssel hozzáférhető |
| LEADER | 00663nab a2200193 c 4500 | ||
|---|---|---|---|
| 001 | bibPHI0035355 | ||
| 005 | 20230712152147.7 | ||
| 008 | 091008s1993 hu hun | ||
| 245 | 0 | 0 | |a Beszélgetés a toleranciáról |c [kérdez Rékai Gábor, Simkó János] |
| 695 | |a tolerencia | ||
| 695 | |a politkaelmélet | ||
| 700 | 1 | |a Rékai Gábor | |
| 700 | 1 | |a Simkó János | |
| 700 | 1 | |a Ludassy Mária | |
| 700 | 1 | |a Tamás Gáspár Miklós | |
| 700 | 1 | |a Lukács László | |
| 700 | 1 | |a Schöpflin György | |
| 773 | 0 | |t Világosság |g 34.1993:11. p. 71-78. | |
| 856 | 4 | 1 | |3 Full text |u https://adt.arcanum.com/hu/view/Vilagossag1957_1993-2/?pg=412&layout=s |z előfizetéssel hozzáférhető |